00657nam a22002057a 450000500170000001000150001702000260003203500140005803700130007208200150008510000190010024500890011925000100020826000400021827000590025830000270031750000510034470000290039570000270042420231130144807.0 aENG-138496 a9789393330567c525.00 aEN-122028 aDBAD/PUB a5742First aJha, Abhimanyu aBiology Foundation For Class IX/cBy Abhimanyu Jha; Archana Awasthi and Mahek Sharen aFIrst aHyderabadbUniversities Pressc2024 a3-6-747/1/A & 3-6-754/1 HimayatnagarbHyderbade500029 avpp. b26cm(pbk)cill. a Includes bibliographical references and index dAwasthi, ArchanaaAuthor d Sharen, MahekaAuthor